000 00467nam a22001817a 4500
003 koha_MIRAKIL
005 20231213100324.0
008 231213b |||||||| |||| 00| 0 ||| d
020 _b978-9-75103473-1
040 _aTR-IsEVY
_btur
_cTR-IsEVY
082 _a500 ALT/3
100 _aAltuğ, Nadide.
245 0 _a3 D derin gözlükler
260 _bMandolin Yayınları ,
_c2014
300 _a15 s.
650 _aDoğa bilimleri -- Denizler.
942 _2ddc
_cBK
999 _c18109
_d18109